000 00586nam a2200229Ia 4500
003 OSt
005 20221007074142.0
006 a|||||r|||| 00| 0
007 ta
008 221006b |||||||| |||| 00| 0 eng d
024 _a18,209
037 _cTextual
040 _aFLL
_cFLL
_beng
041 _2eng
_aeng
082 _aZb3, H4
100 _aAiyer P.R. Au.
_9683017
245 0 _aCross-Examination
260 _aMadras
_bMadras law journal press India
_c1944
300 _a314p
_ccm.
942 _hZb3, H4
_cTEXL
_2CC
999 _c1151348
_d1151348